| 000 | 00389nam a22001937a 4500 | ||
|---|---|---|---|
| 003 | UA-OsUOA | ||
| 001 | 3458 | ||
| 007 | ta | ||
| 008 | 20050721b un ||||| |||| 00| 0 ukr d | ||
| 100 | _aLongstreet | ||
| 700 | _aS. | ||
| 700 | _aLongstreet | ||
| 700 | _aE. | ||
| 942 | _cBK | ||
| 040 |
_aUA-OsUOA _cUA-OsUOA _dUA-OsUOA |
||
| 245 | _aMan of Montmartre. | ||
| 955 | _a2 | ||
| 650 | 7 | _2UDC | |
| 999 |
_c289620 _d289620 |
||